Microsoft Word 97 : βήμα προς βήμα

Αποθηκεύτηκε σε:
Λεπτομέρειες βιβλιογραφικής εγγραφής
Άλλοι συγγραφείς: Σκουλαρίκης, Φώτης (Μεταφραστής)
Μορφή: Βιβλίο
Γλώσσα:Greek
English
Δημοσίευση: Αθήνα : Redmond, Wash, Κλειδάριθμος, Microsoft press, c1997.
Σειρά:Βήμα προς βήμα (Κλειδάριθμος)
Θέματα:
Ετικέτες: Προσθήκη ετικέτας
Δεν υπάρχουν, Καταχωρήστε ετικέτα πρώτοι!

MARC

LEADER 00000cam a2200000 i 4500
001 1/69736
008 990218s1997 gr | ||| |||| ||gre||
020 |a 9603320757 
035 |l 10047915 
040 |a GR-MyUA  |b gre  |e AACR2 
041 1 |a gre  |h eng 
082 7 |a 005.369   |2 (22) 
245 0 0 |a Microsoft Word 97 :   |b βήμα προς βήμα /   |c [μετάφραση Φώτης Σκουλαρίκης].  
246 3 3 |a Word 97 βήμα προς βήμα.  
260 |a Αθήνα :   |a Redmond, Wash,   |b Κλειδάριθμος,   |b Microsoft press,   |c c1997.  
300 |a 396 σ. :   |b εικ. ;   |c 24 εκ. +  |e 1 δισκέτα.  
490 1 |a (Βήμα προς βήμα / Κλειδάριθμος) 
500 |a Καλύπτει τα Microsoft Word για Windows 95 και NT 4.0.  
500 |a Τίτλος πρωτοτύπου: Microsoft word 97 step by step.  
504 |a Περιέχει ευρετήριο.  
630 0 0 |a Microsoft Word. 
650 0 0 |a Word processing. 
700 1 |a Σκουλαρίκης, Φώτης,  |e trl 
830 0 |a Βήμα προς βήμα (Κλειδάριθμος) 
852 |a INST  |b CHIOS  |e 19990218  |h 005.369 MIC  |p 005200014786  |q 005200014786  |t BK  |y 0 
852 |a INST  |b CHIOS  |e 19990218  |h 005.369 MIC  |p 005200014787  |q 005200014787  |t BK  |y 0 
852 |a INST  |b CHIOS  |e 19990218  |h 005.369 MIC   |p 005200014784  |q 005200014784  |t BK  |y 0 
852 |a INST  |b CHIOS  |e 19990218  |h 005.369 MIC   |p 005200014785  |q 005200014785  |t BK  |y 0 
852 |a INST  |b LESVOS  |e 19991115  |h 005.369 MIC  |p 005100022733  |q 005100022733  |t BK  |y 0 
852 |a INST  |b LESVOS  |e 19991115  |h 005.369 MIC  |p 005100022746  |q 005100022746  |t BK  |y 0 
852 |a INST  |b LESVOS  |e 19991115  |h 005.369 MIC  |p 005100022756  |q 005100022756  |t BK  |y 0 
852 |a INST  |b LESVOS  |e 19991116  |h 005.369 MIC   |p 005100022731  |q 005100022731  |t BK  |y 0 
852 |a INST  |b LESVOS  |e 19991116  |h 005.369 MIC   |p 005100022732  |q 005100022732  |t BK  |y 0 
852 |a INST  |b LESVOS  |e 19991116  |h 005.369 MIC   |p 005100022734  |q 005100022734  |t BK  |y 0 
852 |a INST  |b RHODES  |e 20000328  |h 005.369 MIC  |p 005400013651  |q 005400013651  |t BK  |y 0 
852 |a INST  |b RHODES  |e 20000328  |h 005.369 MIC  |p 005400013653  |q 005400013653  |t BK  |y 0 
852 |a INST  |b RHODES  |e 20000328  |h 005.369 MIC   |p 005400013650  |q 005400013650  |t BK  |y 0 
852 |a INST  |b RHODES  |e 20000328  |h 005.369 MIC   |p 005400013652  |q 005400013652  |t BK  |y 0 
852 |a INST  |b SAMOS  |e 19991115  |h 005.369 MIC  |p 005300013234  |q 005300013234  |t BK  |y 0 
852 |a INST  |b SAMOS  |e 19991115  |h 005.369 MIC  |p 005300013235  |q 005300013235  |t BK  |y 0 
852 |a INST  |b SAMOS  |e 19991115  |h 005.369 MIC   |p 005300018727  |q 005300018727  |t BK  |y 0 
852 |a INST  |b SAMOS  |e 19991115  |h 005.369 MIC   |p 005300018945  |q 005300018945  |t BK  |y 0 
901 |a BIBL1-1999-3 
901 |a BIBL4-2000-1 
909 |a X  |b 064271 
909 |a X  |b 064273 
909 |a Χ  |b 064270 
909 |a X  |b 064272 
909 |a Λ  |b 064278 
909 |a Λ  |b 064279 
909 |a Λ  |b 064280 
909 |a Λ  |b 064281 
909 |a Λ  |b 064282 
909 |a Λ  |b 064283 
909 |a Σ  |b 064268 
909 |a Σ  |b 064271 
909 |a Σ  |b 064267 
909 |a Σ  |b 064266 
909 |a Ρ  |b 064276 
909 |a Ρ  |b 064277 
909 |a Ρ  |b 064274 
909 |a Ρ  |b 064275 
922 |a 2ΕΛΗ  |b 199902  |d EMVASIS 
922 |a 1ΕΛΗ  |b 199902  |c ΚΠΣ/ΚΥΒ  |d EMVASIS 
922 |a 3ΕΛΗ  |b 199902  |c ΒΙΒΛΙΟΘΗΚΗ  |d EMVASIS 
922 |a 4ΕΛΗ  |b 199902  |c ΒιΒΛΙΟΘΗΚΗ  |d EMVASIS 
950 |a 023-1999-02-05 
970 |a ΤΖΑΦΕΡΗ  |b ΕΥΑΓΓΕΛΙΑ  |z 1999/11/16